Normal view
MARC view
- Plant Nutrients
Entry Topical Term
001 - CONTROL NUMBER
- control field: 5945
003 - CONTROL NUMBER IDENTIFIER
- control field: OSt
005 - DATE AND TIME OF LATEST TRANSACTION
- control field: 20240213145955.0
008 - FIXED-LENGTH DATA ELEMENTS
- fixed length control field: 240213|| aca||aabn | a|a d
040 ## - CATALOGING SOURCE
- Original cataloging agency: OSt
- Transcribing agency: OSt
150 ## - HEADING--TOPICAL TERM
- Topical term or geographic name as entry element: Plant Nutrients
670 ## - SOURCE DATA FOUND
- Source citation: Work cat.: (OSt)29: Tandon , H L S . 5942, Fertilizer recommendations for oilseed crops / , 1990.
